مكتبة جامعة عجلون الوطنية

فهرس بحث المكتبة

موسوعة لبنان: تاريخ-سياسة وحضارة بين الأمس واليوم، في العهدين الإغريقي والروماني (Record no. 25797)

MARC details
000 -LEADER
fixed length control field 00866nam a2200205Ii 4500
003 - CONTROL NUMBER IDENTIFIER
control field JO-AjNU
008 - FIXED-LENGTH DATA ELEMENTS--GENERAL INFORMATION
fixed length control field 230605s9999||||xx |||||||||||||| ||und||
040 ## - CATALOGING SOURCE
Original cataloging agency JO-AjNU
Language of cataloging ara
Description conventions rda
Transcribing agency JO-AjNU
041 ## - LANGUAGE CODE
Language code of text/sound track or separate title ara
050 14 - LIBRARY OF CONGRESS CALL NUMBER
Classification number DS80.1999
100 3# - MAIN ENTRY--PERSONAL NAME
Personal name  عيسى، إيلين زغيب,
Relator term author
9 (RLIN) 50459
245 00 - TITLE STATEMENT
Title موسوعة لبنان: تاريخ-سياسة وحضارة بين الأمس واليوم، في العهدين الإغريقي والروماني
264 31 - PRODUCTION, PUBLICATION, DISTRIBUTION, MANUFACTURE, AND COPYRIGHT NOTICE
Place of production, publication, distribution, manufacture بيروت: كريس،1999
300 ## - PHYSICAL DESCRIPTION
Extent ج3، 158ص
Other physical details يشتمل على ملحق للصور ص(7-22) ويشتمل على مراجع ببلوغرافية ص(155)
336 ## - CONTENT TYPE
Content type term text
Content type code txt
Source rdacontent
337 ## - MEDIA TYPE
Media type term unmediated
Media type code n
Source rdamedia
338 ## - CARRIER TYPE
Carrier type term volume
Carrier type code nc
Source rdacarrier
490 0# - SERIES STATEMENT
Series statement موسوعة لبنان
650 #4 - SUBJECT ADDED ENTRY--TOPICAL TERM
Topical term or geographic name entry element لبنان -- تاريخ -- دوائر معارف 
9 (RLIN) 50460
Holdings
Withdrawn status Lost status Source of classification or shelving scheme Damaged status Not for loan Home library Current library Shelving location Date acquired Total Checkouts Full call number Barcode Date last seen Price effective from Koha item type
    Library of Congress Classification     مكتبة جامعة عجلون الوطنية مكتبة جامعة عجلون الوطنية المراجع 06/06/2023   DS80.1999 A22229 06/06/2023 06/06/2023 Reference